Arsenal Full Squad (2000-) - Statistics

General Stats
  • This quiz has been taken 2,561 times
    1,884 since last reset
  • The average score is 415 of 625
Answer Stats
Year # Pos/Country Answer % Correct
2020-2021 11 MF Martin Ødegaard
96%
2021-2022 8 MF Martin Ødegaard
96%
2022-2023 8 MF Martin Ødegaard
96%
2023-2024 8 MF Martin Ødegaard
96%
2024-2025 8 MF Martin Ødegaard
96%
2019-2020 77 FW Bukayo Saka
95%
2020-2021 7 FW Bukayo Saka
95%
2021-2022 7 FW Bukayo Saka
95%
2022-2023 7 FW Bukayo Saka
95%
2023-2024 7 FW Bukayo Saka
95%
2024-2025 7 FW Bukayo Saka
95%
2022-2023 9 FW Gabriel Jesus
94%
2023-2024 9 FW Gabriel Jesus
94%
2024-2025 9 FW Gabriel Jesus
94%
2020-2021 6 DF Gabriel Magalhães
94%
2021-2022 6 DF Gabriel Magalhães
94%
2022-2023 6 DF Gabriel Magalhães
94%
2023-2024 6 DF Gabriel Magalhães
94%
2024-2025 6 DF Gabriel Magalhães
94%
2019-2020 35 FW Gabriel Martinelli
93%
2020-2021 35 FW Gabriel Martinelli
93%
2021-2022 11 FW Gabriel Martinelli
93%
2022-2023 11 FW Gabriel Martinelli
93%
2023-2024 11 FW Gabriel Martinelli
93%
2024-2025 11 FW Gabriel Martinelli
93%
2000-2001 14 FW Thierry Henry
93%
2001-2002 14 FW Thierry Henry
93%
2002-2003 14 FW Thierry Henry
93%
2003-2004 14 FW Thierry Henry
93%
2004-2005 14 FW Thierry Henry
93%
2005-2006 14 FW Thierry Henry
93%
2006-2007 14 FW Thierry Henry
93%
2017-2018 14 FW Pierre-Emerick Aubameyang
92%
2018-2019 14 FW Pierre-Emerick Aubameyang
92%
2019-2020 14 FW Pierre-Emerick Aubameyang
92%
2020-2021 14 FW Pierre-Emerick Aubameyang
92%
2021-2022 14 FW Pierre-Emerick Aubameyang
92%
2020-2021 18 MF Thomas Partey
92%
2021-2022 5 MF Thomas Partey
92%
2022-2023 5 MF Thomas Partey
92%
2023-2024 5 MF Thomas Partey
92%
2024-2025 5 MF Thomas Partey
92%
2022-2023 12 DF William Saliba
92%
2023-2024 2 DF William Saliba
92%
2024-2025 2 DF William Saliba
92%
2016-2017 29 MF Granit Xhaka
91%
2017-2018 29 MF Granit Xhaka
91%
2018-2019 34 MF Granit Xhaka
91%
2019-2020 34 MF Granit Xhaka
91%
2020-2021 34 MF Granit Xhaka
91%
2021-2022 34 MF Granit Xhaka
91%
2022-2023 34 MF Granit Xhaka
91%
2013-2014 11 MF Mesut Özil
91%
2014-2015 11 MF Mesut Özil
91%
2015-2016 11 MF Mesut Özil
91%
2016-2017 11 MF Mesut Özil
91%
2017-2018 11 MF Mesut Özil
91%
2018-2019 10 MF Mesut Özil
91%
2019-2020 10 MF Mesut Özil
91%
2022-2023 35 DF Oleksandr Zinchenko
91%
2023-2024 35 DF Oleksandr Zinchenko
91%
2024-2025 17 DF Oleksandr Zinchenko
91%
2023-2024 22 GK David Raya
90%
2024-2025 22 GK David Raya
90%
2022-2023 19 FW Leandro Trossard
90%
2023-2024 19 FW Leandro Trossard
90%
2024-2025 19 FW Leandro Trossard
90%
2008-2009 16 MF Aaron Ramsey
89%
2009-2010 16 MF Aaron Ramsey
89%
2010-2011 16 MF Aaron Ramsey
89%
2011-2012 16 MF Aaron Ramsey
89%
2012-2013 16 MF Aaron Ramsey
89%
2013-2014 16 MF Aaron Ramsey
89%
2014-2015 16 MF Aaron Ramsey
89%
2015-2016 16 MF Aaron Ramsey
89%
2016-2017 8 MF Aaron Ramsey
89%
2017-2018 8 MF Aaron Ramsey
89%
2018-2019 8 MF Aaron Ramsey
89%
2014-2015 17 FW Alexis Sánchez
89%
2015-2016 17 FW Alexis Sánchez
89%
2016-2017 7 FW Alexis Sánchez
89%
2017-2018 7 FW Alexis Sánchez
89%
2018-2019 19 GK Bernd Leno
89%
2019-2020 1 GK Bernd Leno
89%
2020-2021 1 GK Bernd Leno
89%
2021-2022 1 GK Bernd Leno
89%
2023-2024 29 FW Kai Havertz
89%
2024-2025 29 FW Kai Havertz
89%
2000-2001 4 MF Patrick Vieira
89%
2001-2002 4 MF Patrick Vieira
89%
2002-2003 4 MF Patrick Vieira
89%
2003-2004 4 MF Patrick Vieira
89%
2004-2005 4 MF Patrick Vieira
89%
2015-2016 33 GK Petr Cech
89%
2016-2017 33 GK Petr Cech
89%
2017-2018 33 GK Petr Cech
89%
2018-2019 1 GK Petr Cech
89%
2021-2022 32 GK Aaron Ramsdale
88%
2022-2023 1 GK Aaron Ramsdale
88%
2023-2024 1 GK Aaron Ramsdale
88%
2021-2022 4 DF Ben White
87%
2022-2023 4 DF Ben White
87%
2023-2024 4 DF Ben White
87%
2024-2025 4 DF Ben White
87%
2022-2023 20 MF Jorginho
87%
2023-2024 20 MF Jorginho
87%
2024-2025 20 MF Jorginho
87%
2019-2020 3 DF Kieran Tierney
87%
2020-2021 3 DF Kieran Tierney
87%
2021-2022 3 DF Kieran Tierney
87%
2022-2023 3 DF Kieran Tierney
87%
2024-2025 3 DF Kieran Tierney
87%
2017-2018 9 FW Alexandre Lacazette
86%
2018-2019 9 FW Alexandre Lacazette
86%
2019-2020 9 FW Alexandre Lacazette
86%
2020-2021 9 FW Alexandre Lacazette
86%
2021-2022 9 FW Alexandre Lacazette
86%
2015-2016 35 MF Mohamed Elneny
85%
2016-2017 35 MF Mohamed Elneny
85%
2017-2018 35 MF Mohamed Elneny
85%
2018-2019 4 MF Mohamed Elneny
85%
2020-2021 25 MF Mohamed Elneny
85%
2021-2022 25 MF Mohamed Elneny
85%
2022-2023 25 MF Mohamed Elneny
85%
2023-2024 25 MF Mohamed Elneny
85%
2023-2024 12 DF Jurrien Timber
84%
2024-2025 12 DF Jurrien Timber
84%
2021-2022 18 DF Takehiro Tomiyasu
84%
2022-2023 18 DF Takehiro Tomiyasu
84%
2023-2024 18 DF Takehiro Tomiyasu
84%
2000-2001 10 FW Dennis Bergkamp
83%
2001-2002 10 FW Dennis Bergkamp
83%
2002-2003 10 FW Dennis Bergkamp
83%
2003-2004 10 FW Dennis Bergkamp
83%
2004-2005 10 FW Dennis Bergkamp
83%
2005-2006 10 FW Dennis Bergkamp
83%
2010-2011 53 GK Wojciech Szczesny
83%
2011-2012 13 GK Wojciech Szczesny
83%
2012-2013 1 GK Wojciech Szczesny
83%
2013-2014 1 GK Wojciech Szczesny
83%
2014-2015 1 GK Wojciech Szczesny
83%
2022-2023 21 MF Fábio Vieira
82%
2023-2024 21 MF Fábio Vieira
82%
2012-2013 12 FW Olivier Giroud
82%
2013-2014 12 FW Olivier Giroud
82%
2014-2015 12 FW Olivier Giroud
82%
2015-2016 12 FW Olivier Giroud
82%
2016-2017 12 FW Olivier Giroud
82%
2017-2018 12 FW Olivier Giroud
82%
2011-2012 4 DF Per Mertesacker
82%
2012-2013 4 DF Per Mertesacker
82%
2013-2014 4 DF Per Mertesacker
82%
2014-2015 4 DF Per Mertesacker
82%
2015-2016 4 DF Per Mertesacker
82%
2017-2018 4 DF Per Mertesacker
82%
2024-2025 33 DF Riccardo Calafiori
82%
2004-2005 11 FW Robin van Persie
82%
2005-2006 11 FW Robin van Persie
82%
2006-2007 11 FW Robin van Persie
82%
2007-2008 11 FW Robin van Persie
82%
2008-2009 11 FW Robin van Persie
82%
2009-2010 11 FW Robin van Persie
82%
2010-2011 10 FW Robin van Persie
82%
2011-2012 10 FW Robin van Persie
82%
2003-2004 57 MF Cesc Fàbregas
81%
2004-2005 15 MF Cesc Fàbregas
81%
2005-2006 15 MF Cesc Fàbregas
81%
2006-2007 4 MF Cesc Fàbregas
81%
2007-2008 4 MF Cesc Fàbregas
81%
2008-2009 4 MF Cesc Fàbregas
81%
2009-2010 4 MF Cesc Fàbregas
81%
2010-2011 4 MF Cesc Fàbregas
81%
2014-2015 13 GK David Ospina
81%
2015-2016 13 GK David Ospina
81%
2016-2017 13 GK David Ospina
81%
2017-2018 13 GK David Ospina
81%
2003-2004 1 GK Jens Lehmann
81%
2004-2005 1 GK Jens Lehmann
81%
2005-2006 1 GK Jens Lehmann
81%
2006-2007 1 GK Jens Lehmann
81%
2007-2008 1 GK Jens Lehmann
81%
2010-2011 6 DF Laurent Koscielny
81%
2011-2012 6 DF Laurent Koscielny
81%
2012-2013 6 DF Laurent Koscielny
81%
2013-2014 6 DF Laurent Koscielny
81%
2014-2015 6 DF Laurent Koscielny
81%
2015-2016 6 DF Laurent Koscielny
81%
2016-2017 6 DF Laurent Koscielny
81%
2017-2018 6 DF Laurent Koscielny
81%
2018-2019 6 DF Laurent Koscielny
81%
2001-2002 23 DF Sol Campbell
81%
2002-2003 23 DF Sol Campbell
81%
2003-2004 23 DF Sol Campbell
81%
2004-2005 23 DF Sol Campbell
81%
2005-2006 23 DF Sol Campbell
81%
2009-2010 31 DF Sol Campbell
81%
2006-2007 7 MF Tomas Rosicky
81%
2007-2008 7 MF Tomas Rosicky
81%
2009-2010 7 MF Tomas Rosicky
81%
2010-2011 7 MF Tomas Rosicky
81%
2011-2012 7 MF Tomas Rosicky
81%
2012-2013 7 MF Tomas Rosicky
81%
2013-2014 7 MF Tomas Rosicky
81%
2014-2015 7 MF Tomas Rosicky
81%
2022-2023 15 DF Jakub Kiwior
80%
2023-2024 15 DF Jakub Kiwior
80%
2024-2025 15 DF Jakub Kiwior
80%
2015-2016 28 FW Joel Campbell
80%
2024-2025 23 MF Mikel Merino
80%
2008-2009 23 FW Andrey Arshavin
79%
2009-2010 23 FW Andrey Arshavin
79%
2010-2011 23 FW Andrey Arshavin
79%
2011-2012 23 FW Andrey Arshavin
79%
2012-2013 23 FW Andrey Arshavin
79%
2014-2015 39 DF Héctor Bellerín
79%
2015-2016 24 DF Héctor Bellerín
79%
2016-2017 24 DF Héctor Bellerín
79%
2017-2018 24 DF Héctor Bellerín
79%
2018-2019 2 DF Héctor Bellerín
79%
2019-2020 2 DF Héctor Bellerín
79%
2020-2021 2 DF Héctor Bellerín
79%
2017-2018 7 MF Henrikh Mkhitaryan
79%
2018-2019 7 MF Henrikh Mkhitaryan
79%
2017-2018 31 DF Sead Kolasinac
79%
2018-2019 31 DF Sead Kolasinac
79%
2019-2020 31 DF Sead Kolasinac
79%
2020-2021 31 DF Sead Kolasinac
79%
2021-2022 31 DF Sead Kolasinac
79%
2023-2024 41 MF Declan Rice
78%
2024-2025 41 MF Declan Rice
78%
2008-2009 19 MF Jack Wilshere
78%
2010-2011 19 MF Jack Wilshere
78%
2012-2013 10 MF Jack Wilshere
78%
2013-2014 10 MF Jack Wilshere
78%
2014-2015 10 MF Jack Wilshere
78%
2015-2016 10 MF Jack Wilshere
78%
2017-2018 10 MF Jack Wilshere
78%
2002-2003 28 DF Kolo Touré
78%
2003-2004 28 DF Kolo Touré
78%
2004-2005 28 DF Kolo Touré
78%
2005-2006 28 DF Kolo Touré
78%
2006-2007 5 DF Kolo Touré
78%
2007-2008 5 DF Kolo Touré
78%
2008-2009 5 DF Kolo Touré
78%
2000-2001 29 DF Ashley Cole
77%
2001-2002 3 DF Ashley Cole
77%
2002-2003 3 DF Ashley Cole
77%
2003-2004 3 DF Ashley Cole
77%
2004-2005 3 DF Ashley Cole
77%
2005-2006 3 DF Ashley Cole
77%
2000-2001 1 GK David Seaman
77%
2001-2002 1 GK David Seaman
77%
2002-2003 1 GK David Seaman
77%
2000-2001 8 MF Freddie Ljungberg
77%
2001-2002 8 MF Freddie Ljungberg
77%
2002-2003 8 MF Freddie Ljungberg
77%
2003-2004 8 MF Freddie Ljungberg
77%
2004-2005 8 MF Freddie Ljungberg
77%
2005-2006 8 MF Freddie Ljungberg
77%
2006-2007 8 MF Freddie Ljungberg
77%
2019-2020 19 FW Nicolas Pépé
77%
2020-2021 19 FW Nicolas Pépé
77%
2021-2022 19 FW Nicolas Pépé
77%
2006-2007 32 FW Theo Walcott
77%
2007-2008 32 FW Theo Walcott
77%
2008-2009 14 FW Theo Walcott
77%
2009-2010 14 FW Theo Walcott
77%
2010-2011 14 FW Theo Walcott
77%
2011-2012 14 FW Theo Walcott
77%
2012-2013 14 FW Theo Walcott
77%
2013-2014 14 FW Theo Walcott
77%
2014-2015 14 FW Theo Walcott
77%
2015-2016 14 FW Theo Walcott
77%
2016-2017 14 FW Theo Walcott
77%
2017-2018 14 FW Theo Walcott
77%
2014-2015 26 GK Emiliano Martínez
76%
2016-2017 26 GK Emiliano Martínez
76%
2019-2020 26 GK Emiliano Martínez
76%
2000-2001 7 MF Robert Pirès
76%
2001-2002 7 MF Robert Pirès
76%
2002-2003 7 MF Robert Pirès
76%
2003-2004 7 MF Robert Pirès
76%
2004-2005 7 MF Robert Pirès
76%
2005-2006 7 MF Robert Pirès
76%
2016-2017 20 DF Shkodran Mustafi
76%
2017-2018 20 DF Shkodran Mustafi
76%
2018-2019 20 DF Shkodran Mustafi
76%
2019-2020 20 DF Shkodran Mustafi
76%
2015-2016 45 FW Alex Iwobi
74%
2016-2017 17 FW Alex Iwobi
74%
2017-2018 17 FW Alex Iwobi
74%
2018-2019 17 FW Alex Iwobi
74%
2007-2008 3 DF Bacary Sagna
74%
2008-2009 3 DF Bacary Sagna
74%
2009-2010 3 DF Bacary Sagna
74%
2010-2011 3 DF Bacary Sagna
74%
2011-2012 3 DF Bacary Sagna
74%
2012-2013 3 DF Bacary Sagna
74%
2013-2014 3 DF Bacary Sagna
74%
2018-2019 55 MF Emile Smith Rowe
74%
2019-2020 32 MF Emile Smith Rowe
74%
2020-2021 32 MF Emile Smith Rowe
74%
2021-2022 10 MF Emile Smith Rowe
74%
2022-2023 10 MF Emile Smith Rowe
74%
2023-2024 10 MF Emile Smith Rowe
74%
2011-2012 8 MF Mikel Arteta
74%
2012-2013 8 MF Mikel Arteta
74%
2013-2014 8 MF Mikel Arteta
74%
2014-2015 8 MF Mikel Arteta
74%
2015-2016 8 MF Mikel Arteta
74%
2012-2013 19 MF Santi Cazorla
74%
2013-2014 19 MF Santi Cazorla
74%
2014-2015 19 MF Santi Cazorla
74%
2015-2016 19 MF Santi Cazorla
74%
2016-2017 19 MF Santi Cazorla
74%
2005-2006 25 FW Emmanuel Adebayor
73%
2006-2007 25 FW Emmanuel Adebayor
73%
2007-2008 25 FW Emmanuel Adebayor
73%
2008-2009 25 FW Emmanuel Adebayor
73%
2009-2010 5 DF Thomas Vermaelen
72%
2010-2011 5 DF Thomas Vermaelen
72%
2011-2012 5 DF Thomas Vermaelen
72%
2012-2013 5 DF Thomas Vermaelen
72%
2013-2014 5 DF Thomas Vermaelen
72%
2018-2019 11 MF Lucas Torreira
71%
2019-2020 11 MF Lucas Torreira
71%
2012-2013 17 DF Nacho Monreal
71%
2013-2014 17 DF Nacho Monreal
71%
2014-2015 18 DF Nacho Monreal
71%
2015-2016 18 DF Nacho Monreal
71%
2016-2017 18 DF Nacho Monreal
71%
2017-2018 18 DF Nacho Monreal
71%
2018-2019 18 DF Nacho Monreal
71%
2006-2007 17 MF Alex Song
70%
2007-2008 17 MF Alex Song
70%
2008-2009 17 MF Alex Song
70%
2009-2010 17 MF Alex Song
70%
2010-2011 17 MF Alex Song
70%
2011-2012 17 MF Alex Song
70%
2012-2013 9 FW Lukas Podolski
70%
2013-2014 9 FW Lukas Podolski
70%
2007-2008 21 GK Lukasz Fabianski
68%
2008-2009 21 GK Lukasz Fabianski
68%
2009-2010 21 GK Lukasz Fabianski
68%
2010-2011 21 GK Lukasz Fabianski
68%
2011-2012 21 GK Lukasz Fabianski
68%
2012-2013 21 GK Lukasz Fabianski
68%
2013-2014 21 GK Lukasz Fabianski
68%
2024-2025 49 DF Myles Lewis-Skelly
68%
2019-2020 23 DF David Luiz
67%
2020-2021 23 DF David Luiz
67%
2019-2020 30 FW Eddie Nketiah
67%
2020-2021 30 FW Eddie Nketiah
67%
2021-2022 14 FW Eddie Nketiah
67%
2022-2023 14 FW Eddie Nketiah
67%
2023-2024 14 FW Eddie Nketiah
67%
2002-2003 19 MF Gilberto Silva
67%
2003-2004 19 MF Gilberto Silva
67%
2004-2005 19 MF Gilberto Silva
67%
2005-2006 19 MF Gilberto Silva
67%
2006-2007 19 MF Gilberto Silva
67%
2007-2008 19 MF Gilberto Silva
67%
2016-2017 16 DF Rob Holding
67%
2017-2018 16 DF Rob Holding
67%
2018-2019 16 DF Rob Holding
67%
2019-2020 16 DF Rob Holding
67%
2020-2021 16 DF Rob Holding
67%
2021-2022 16 DF Rob Holding
67%
2022-2023 16 DF Rob Holding
67%
2000-2001 6 DF Tony Adams
67%
2001-2002 6 DF Tony Adams
67%
2020-2021 17 DF Cédric Soares
66%
2021-2022 17 DF Cédric Soares
66%
2023-2024 17 DF Cédric Soares
66%
2003-2004 22 DF Gaël Clichy
66%
2004-2005 22 DF Gaël Clichy
66%
2005-2006 22 DF Gaël Clichy
66%
2006-2007 22 DF Gaël Clichy
66%
2007-2008 22 DF Gaël Clichy
66%
2008-2009 22 DF Gaël Clichy
66%
2009-2010 22 DF Gaël Clichy
66%
2010-2011 22 DF Gaël Clichy
66%
2011-2012 15 MF Alex Oxlade-Chamberlain
65%
2012-2013 15 MF Alex Oxlade-Chamberlain
65%
2013-2014 15 MF Alex Oxlade-Chamberlain
65%
2014-2015 15 MF Alex Oxlade-Chamberlain
65%
2015-2016 15 MF Alex Oxlade-Chamberlain
65%
2016-2017 15 MF Alex Oxlade-Chamberlain
65%
2004-2005 24 GK Manuel Almunia
64%
2005-2006 24 GK Manuel Almunia
64%
2006-2007 24 GK Manuel Almunia
64%
2007-2008 24 GK Manuel Almunia
64%
2008-2009 1 GK Manuel Almunia
64%
2009-2010 1 GK Manuel Almunia
64%
2010-2011 1 GK Manuel Almunia
64%
2005-2006 13 MF Aleksandr Hleb
63%
2006-2007 13 MF Aleksandr Hleb
63%
2007-2008 13 MF Aleksandr Hleb
63%
2007-2008 26 FW Nicklas Bendtner
63%
2008-2009 26 FW Nicklas Bendtner
63%
2009-2010 52 FW Nicklas Bendtner
63%
2010-2011 52 FW Nicklas Bendtner
63%
2013-2014 23 FW Nicklas Bendtner
63%
2024-2025 53 FW Ethan Nwaneri
62%
2008-2009 40 DF Kieran Gibbs
62%
2009-2010 28 DF Kieran Gibbs
62%
2010-2011 28 DF Kieran Gibbs
62%
2011-2012 28 DF Kieran Gibbs
62%
2012-2013 28 DF Kieran Gibbs
62%
2013-2014 28 DF Kieran Gibbs
62%
2014-2015 3 DF Kieran Gibbs
62%
2015-2016 3 DF Kieran Gibbs
62%
2016-2017 3 DF Kieran Gibbs
62%
2008-2009 8 MF Samir Nasri
62%
2009-2010 8 MF Samir Nasri
62%
2010-2011 8 MF Samir Nasri
62%
2024-2025 32 GK Neto
61%
2018-2019 5 DF Sokratis Papastathopoulos
61%
2019-2020 5 DF Sokratis Papastathopoulos
61%
2006-2007 10 DF William Gallas
61%
2007-2008 10 DF William Gallas
61%
2008-2009 10 DF William Gallas
61%
2009-2010 10 DF William Gallas
61%
2024-2025 30 FW Raheem Sterling
60%
2019-2020 8 MF Dani Ceballos
59%
2020-2021 8 MF Dani Ceballos
59%
2004-2005 16 MF Mathieu Flamini
59%
2005-2006 16 MF Mathieu Flamini
59%
2006-2007 16 MF Mathieu Flamini
59%
2007-2008 16 MF Mathieu Flamini
59%
2013-2014 20 MF Mathieu Flamini
59%
2014-2015 20 MF Mathieu Flamini
59%
2015-2016 20 MF Mathieu Flamini
59%
2014-2015 23 FW Danny Welbeck
57%
2015-2016 23 FW Danny Welbeck
57%
2016-2017 23 FW Danny Welbeck
57%
2017-2018 23 FW Danny Welbeck
57%
2018-2019 23 FW Danny Welbeck
57%
2005-2006 2 MF Abou Diaby
56%
2006-2007 2 MF Abou Diaby
56%
2007-2008 2 MF Abou Diaby
56%
2008-2009 2 MF Abou Diaby
56%
2009-2010 2 MF Abou Diaby
56%
2010-2011 2 MF Abou Diaby
56%
2012-2013 2 MF Abou Diaby
56%
2011-2012 39 MF Francis Coquelin
56%
2012-2013 22 MF Francis Coquelin
56%
2014-2015 34 MF Francis Coquelin
56%
2015-2016 34 MF Francis Coquelin
56%
2016-2017 34 MF Francis Coquelin
56%
2018-2019 29 MF Mattéo Guendouzi
56%
2019-2020 29 MF Mattéo Guendouzi
56%
2014-2015 21 DF Calum Chambers
55%
2015-2016 21 DF Calum Chambers
55%
2017-2018 21 DF Calum Chambers
55%
2019-2020 21 DF Calum Chambers
55%
2020-2021 21 DF Calum Chambers
55%
2021-2022 21 DF Calum Chambers
55%
2003-2004 9 FW José Antonio Reyes
55%
2004-2005 9 FW José Antonio Reyes
55%
2005-2006 9 FW José Antonio Reyes
55%
2010-2011 29 FW Marouane Chamakh
55%
2011-2012 29 FW Marouane Chamakh
55%
2012-2013 29 FW Marouane Chamakh
55%
2018-2019 12 DF Stephan Lichtsteiner
55%
2000-2001 12 DF Laurén
54%
2001-2002 12 DF Laurén
54%
2002-2003 12 DF Laurén
54%
2003-2004 12 DF Laurén
54%
2004-2005 12 DF Laurén
54%
2005-2006 12 DF Laurén
54%
2011-2012 27 FW Gervinho
53%
2012-2013 27 FW Gervinho
53%
2022-2023 30 GK Matt Turner
53%
2017-2018 61 FW Reiss Nelson
53%
2019-2020 24 FW Reiss Nelson
53%
2022-2023 24 FW Reiss Nelson
53%
2023-2024 24 FW Reiss Nelson
53%
2000-2001 25 FW Nwankwo Kanu
52%
2001-2002 25 FW Nwankwo Kanu
52%
2002-2003 25 FW Nwankwo Kanu
52%
2003-2004 25 FW Nwankwo Kanu
52%
2020-2021 12 FW Willian
52%
2016-2017 55 DF Ainsley Maitland-Niles
51%
2017-2018 30 DF Ainsley Maitland-Niles
51%
2018-2019 15 DF Ainsley Maitland-Niles
51%
2019-2020 15 DF Ainsley Maitland-Niles
51%
2020-2021 15 DF Ainsley Maitland-Niles
51%
2021-2022 15 DF Ainsley Maitland-Niles
51%
2021-2022 23 MF Albert Sambi Lokonga
51%
2022-2023 23 MF Albert Sambi Lokonga
51%
2008-2009 12 FW Carlos Vela
51%
2009-2010 12 FW Carlos Vela
51%
2010-2011 11 FW Carlos Vela
51%
2004-2005 27 DF Emmanuel Eboué
51%
2005-2006 27 DF Emmanuel Eboué
51%
2006-2007 27 DF Emmanuel Eboué
51%
2007-2008 27 DF Emmanuel Eboué
51%
2008-2009 27 DF Emmanuel Eboué
51%
2009-2010 27 DF Emmanuel Eboué
51%
2010-2011 27 DF Emmanuel Eboué
51%
2014-2015 5 DF Gabriel Paulista
51%
2015-2016 5 DF Gabriel Paulista
51%
2016-2017 5 DF Gabriel Paulista
51%
2000-2001 5 DF Martin Keown
50%
2001-2002 5 DF Martin Keown
50%
2002-2003 5 DF Martin Keown
50%
2003-2004 5 DF Martin Keown
50%
2014-2015 2 DF Mathieu Debuchy
50%
2015-2016 2 DF Mathieu Debuchy
50%
2000-2001 11 FW Sylvain Wiltord
49%
2001-2002 11 FW Sylvain Wiltord
49%
2002-2003 11 FW Sylvain Wiltord
49%
2003-2004 11 FW Sylvain Wiltord
49%
2007-2008 9 FW Eduardo
48%
2009-2010 9 FW Eduardo
48%
2005-2006 36 DF Johan Djourou
48%
2006-2007 20 DF Johan Djourou
48%
2008-2009 20 DF Johan Djourou
48%
2010-2011 20 DF Johan Djourou
48%
2011-2012 20 DF Johan Djourou
48%
2004-2005 20 DF Philippe Senderos
46%
2005-2006 20 DF Philippe Senderos
46%
2006-2007 6 DF Philippe Senderos
46%
2007-2008 6 DF Philippe Senderos
46%
2001-2002 24 GK Richard Wright
46%
2000-2001 2 DF Lee Dixon
45%
2001-2002 2 DF Lee Dixon
45%
2016-2017 9 FW Lucas Pérez
45%
2021-2022 20 DF Nuno Tavares
45%
2020-2021 22 DF Pablo Marí
44%
2021-2022 22 DF Pablo Marí
44%
2011-2012 30 FW Yossi Benayoun
44%
2011-2012 25 DF Carl Jenkinson
41%
2012-2013 25 DF Carl Jenkinson
41%
2013-2014 25 DF Carl Jenkinson
41%
2016-2017 25 DF Carl Jenkinson
41%
2018-2019 25 DF Carl Jenkinson
41%
2022-2023 27 FW Marquinhos
41%
2000-2001 15 MF Ray Parlour
41%
2001-2002 15 MF Ray Parlour
41%
2002-2003 15 MF Ray Parlour
41%
2003-2004 15 MF Ray Parlour
41%
2006-2007 15 MF Denílson
40%
2007-2008 15 MF Denílson
40%
2008-2009 15 MF Denílson
40%
2009-2010 15 MF Denílson
40%
2010-2011 15 MF Denílson
40%
2010-2011 18 DF Sébastien Squillaci
38%
2011-2012 18 DF Sébastien Squillaci
38%
2009-2010 24 GK Vito Mannone
38%
2012-2013 24 GK Vito Mannone
38%
2013-2014 44 FW Serge Gnabry
37%
2013-2014 22 FW Yaya Sanogo
36%
2014-2015 22 FW Yaya Sanogo
36%
2011-2012 11 DF André Santos
34%
2012-2013 11 DF André Santos
34%
2018-2019 59 MF Joe Willock
34%
2019-2020 28 MF Joe Willock
34%
2020-2021 28 MF Joe Willock
34%
2013-2014 29 MF Kim Källström
33%
2001-2002 16 DF Giovanni van Bronckhorst
32%
2002-2003 16 DF Giovanni van Bronckhorst
32%
2000-2001 16 DF Sylvinho
32%
2007-2008 8 MF Lassana Diarra
31%
2000-2001 17 MF Edú Gaspar
30%
2001-2002 17 MF Edú Gaspar
30%
2002-2003 17 MF Edú Gaspar
30%
2003-2004 17 MF Edú Gaspar
30%
2004-2005 17 MF Edú Gaspar
30%
2005-2006 29 MF Sebastian Larsson
30%
2008-2009 18 DF Mikaël Silvestre
29%
2009-2010 18 DF Mikaël Silvestre
29%
2000-2001 13 GK Alexander Manninger
27%
2002-2003 18 DF Pascal Cygan
27%
2003-2004 18 DF Pascal Cygan
27%
2004-2005 18 DF Pascal Cygan
27%
2005-2006 18 DF Pascal Cygan
27%
2005-2006 38 DF Kerrea Gilbert
26%
2006-2007 9 MF Júlio Baptista
25%
2024-2025 36 GK Tommy Setford
25%
2006-2007 30 DF Armand Traoré
24%
2007-2008 30 DF Armand Traoré
24%
2009-2010 30 DF Armand Traoré
24%
2011-2012 26 MF Emmanuel Frimpong
24%
2001-2002 9 FW Francis Jeffers
23%
2002-2003 9 FW Francis Jeffers
23%
2013-2014 31 FW Ryo Miyaichi
23%
2000-2001 18 MF Gilles Grimandi
21%
2001-2002 18 MF Gilles Grimandi
21%
2008-2009 41 DF Gavin Hoyte
20%
2000-2001 3 DF Igors Stepanovs
20%
2001-2002 26 DF Igors Stepanovs
20%
2002-2003 26 DF Igors Stepanovs
20%
2003-2004 45 DF Justin Hoyte
20%
2004-2005 31 DF Justin Hoyte
20%
2006-2007 31 DF Justin Hoyte
20%
2007-2008 31 DF Justin Hoyte
20%
2003-2004 30 FW Jérémie Aliadière
19%
2006-2007 30 FW Jérémie Aliadière
19%
2011-2012 49 DF Ignasi Miquel
18%
2002-2003 21 FW Jermaine Pennant
17%
2004-2005 21 FW Jermaine Pennant
17%
2024-2025 92 GK Jack Porter
16%
2000-2001 22 DF Oleg Luzhnyi
16%
2001-2002 22 DF Oleg Luzhnyi
16%
2002-2003 22 DF Oleg Luzhnyi
16%
2000-2001 20 DF Matthew Upson
13%
2001-2002 20 DF Matthew Upson
13%
2000-2001 31 GK Stuart Taylor
13%
2001-2002 13 GK Stuart Taylor
13%
2002-2003 13 GK Stuart Taylor
13%
2003-2004 37 MF David Bentley
12%
2000-2001 23 DF Nelson Vivas
12%
2001-2002 27 DF Stathis Tavlaridis
10%
2003-2004 27 DF Stathis Tavlaridis
10%
2004-2005 40 FW Arturo Lupoli
9%
2023-2024 71 FW Charles Sagoe Jr
9%
2002-2003 24 GK Rami Shaaban
9%
2004-2005 42 FW Quincy Owusu-Abeyie
8%
2000-2001 24 GK John Lukic
7%
2003-2004 33 GK Graham Stack
6%
2008-2009 47 MF Mark Randall
5%
2000-2001 30 MF Paolo Vernazza
5%
2002-2003 31 MF Sebastian Svärd
4%
No matching quizzes found
Score Distribution
Percent of People with Each Score
Percentile by Number Answered
Your Score History
You have not taken this quiz since the last reset